| 000 | 00389nam a2200133Ia 4500 | ||
|---|---|---|---|
| 008 | 231129s1985||||xx |||||||||||||| ||spa|| | ||
| 020 | _a84-226-1102-3 | ||
| 040 | _bspa | ||
| 082 | _aR 703 B582 | ||
| 245 | 0 | _aLexis 22 Vox: Diccionario Enciclopédico Bellas artes | |
| 260 | _c1985 | ||
| 264 | _aBibliograf; Círculo de Lectores | ||
| 942 |
_2ddc _cBKS |
||
| 999 |
_c19181 _d19181 |
||